000 00766cam a22002653a 4500
001 36661
003 PGUSA
005 20140828083811.0
008 110709s2011||||xxu|||||s|||||000 p eng d
040 _aPGUSA
_beng
042 _adc
050 4 _aPS
100 1 _aCawein, Madison Julius,
_d1865-1914
245 1 0 _aKentucky Poems
_h[electronic resource] /
_cMadison Julius Cawein
260 _bProject Gutenberg,
_c2011
506 _aPublic domain in the USA.
516 _aElectronic text
653 _aAuthors, American -- Kentucky
653 _aPoets, American -- Kentucky
653 _aKentucky -- Poetry
700 1 _aGosse, Edmund,
_d1849-1928
830 0 _aProject Gutenberg
_v36661
856 4 0 _uhttp://www.gutenberg.org/ebooks/36661
942 _cEB
999 _c265916
_d265916